| LEADER 01174nam 2200277 a 4500 |
| 001 13399122757 |
| 003 ULIBM |
| 008 030417s2004 caua sb 001 0 eng |
| 050 ^aQH 5410 ก560 |
| 100 ^aกฤษณา กฤษณพุกต์ณัฎฐ พิชกรรมทศพล สุเณรุนวลปรางค์ พนมนพธรรม |
| 245 ^aรายงานวิจัยเรื่อง การศึกษาเบื้องต้นเกี่ยวกับอิทธิพลของพื้นที่สีเขียวที่มีต่อสภาพในเขตเมือง: Preliminary Study on Effects of Green Areas on Urban Air Temperature |
| 260 ^aม.ป.ท.:^b ม.ป.พ.,^cม.ป.ป. |
| 500 ^aจัดหาโดยอ.ภูมิชาย |
| 650 ^aการจัดการพื้นที่สีเขียวในเขตเมือง |
| 913 ^aImported by ULIBM Administrator |
| 949 ^aImport form external file by ULIBM system |
| 999 ^a0 |